Od piwiarnianego klubu do organizacji wywrotowej

Titel: Od piwiarnianego klubu do organizacji wywrotowej : nazizm w latach 1919 - 1924 / Marek Maciejewski
Verfasser:
Veröffentlicht: [Toruń] : Marszałek, 2005
Umfang: 434 S. : Ill., graph. Darst.
Format: Buch
Sprache: Polnisch
Schlagworte:
ISBN: 8374412283
Buchumschlag
X
Lokale Klassifikation: 3 7 Mn ; 3 7 L
alg: 17669302
001A    $03004:27-03-06 
001B    $01999:26-05-23 $t20:59:32.000 
001C    $06060:06-05-15 $t09:42:32.000 
001D    $03004:27-03-06 
001U    $0utf8 
001X    $00 
002@    $0Aau 
003@    $0176693025 
003O    $077763283 $aOCoLC 
004A    $083-7441-228-3 
006G    $097928449X 
006U    $007,A09,0472 $f20060407 
007A    $0176693025 $aHEB 
007G    $0DE0206EE57E2AB128A0B6C1257C3E0042E332 
007T    $0Herdhh176693025 
009P    $qapplication/pdf $A2 $3Inhaltsverzeichnis $uhttp://scans.hebis.de/HEBCGI/show.pl?17669302_toc.pdf $mV:DE-603;B:DE-Mb50 
010@    $apol 
011@    $a2005 
021A    $aOd piwiarnianego klubu do organizacji wywrotowej $dnazizm w latach 1919 - 1924 $hMarek Maciejewski 
028A    $#Maciejewski, Marek $7138621446 $8Maciejewski, Marek$Z1950- [Tp1] $9213737221 
033A    $p[Toruń] $nMarszałek 
034D    $a434 S. 
034M    $aIll., graph. Darst. 
041A    $RDeutsche Arbeiterpartei $RNationalsozialistischer Deutscher Arbeiterverein $#NSDAP $#NSDAP $#National Socialist Party $#Nationalsozialistische Deutsche Arbeiterpartei, Reichsorganisationsleiter $#Nationalsozialistische Deutsche Arbeiterpartei, Reichsausschuss $#Nationalsozialistische Deutsche Arbeiterpartei, Reichsschatzmeister $#Nationalsozialistische Deutsche Arbeiterpartei, Reichspropagandaleitung $#Nationalsozialistische Deutsche Arbeiterpartei, Parteikanzlei $#Nationalsozialistische Deutsche Arbeiterpartei, Oberste Leitung der Parteiorganisation $#Nationalsozialistische Deutsche Arbeiterpartei, Oberste Leitung der PO $#N.S.D.A.P. $71012979-0 $8Nationalsozialistische Deutsche Arbeiterpartei [Tb1] $9041937937 
045E    $c320 $c943 
045F    $a324.2430238 $eDDC22ger 
045F/01 $a324.2430238 
045G    $a909 $eDDC23BSB 
045G/01 $a909 
045G/03 $f0904 
045G/03 $g43 
045H    $a900.94309041 $eDDC23BSB 
045H/01 $a900 
045H/03 $f09041 
045H/03 $f09042 
045H/03 $f09043 
045H/03 $g43 
045R    $aGeschichte 1919-1924 
046M    $aLiteraturverz. S. [389] - 417 

lok: 17669302 24
101B    $029-03-06 $t09:39:39.000 
101C    $029-03-06 
145Z/01 $a3 7 Mn 
145Z/02 $a3 7 L 
101U    $0utf8 

exp: 17669302 24 1 #EPN
201B/01 $029-03-06 $t09:39:39.000 
201C/01 $027-03-06 
203@/01 $0377230898 
208@/01 $a29-03-06 $bz 
209A/01 $a06.1753 $du $f050 $h06 1753 $x00 
209C/01 $a06.1753 T $h06 1753 T 
209G/01 $a71011143 $x00 
220C/01 $agro 
247C/01 $8358050-7 Marburg, Bibliothek des Herder-Instituts Marburg $9102600961 
201U/01 $0utf8 

lok: 17669302 78

exp: 17669302 78 1 #EPN
201B/01 $019-04-17 $t20:00:52.000 
201U/01 $0utf8 
203@/01 $0794161421 
208@/01 $a12-11-16 $be 
209A/01 $a/ $f000 $x00 
237A/01 $aweiterführende Signatur(en): Herder-Institut: 06.1753 
244Z/01 $aGeschichte 1919-1924 $x01 
244Z/01 $2Trx $8--Trx--Monographie $x02 $9391384546 
245Z/01 $a07.03 $x01 
247C/01 $82080>Marburg/Lahn, Herder-Institut, Forschungsbibliothek, Bibliographieportal $9336309341
LEADER 00000cam a2200000 c 4500
001 176693025
003 DE-603
005 20230526205932.0
007 tu
008 060327s2005 xx |||| | u00||u|pol
015 |a 07,A09,0472  |2 dnb 
016 7 |2 DE-101  |a 97928449X 
020 |a 8374412283 
035 |a (DE-599)HEB176693025 
035 |a (OCoLC)77763283 
040 |a DE-603  |b ger  |c DE-603  |d DE-603 
041 |a pol 
082 0 4 |8 1\u  |a 324.2430238  |q DE-101  |2 22/ger 
083 0 |8 2\u  |a 909  |q DE-101  |2 23/BSB 
083 0 |8 3\u  |a 900.94309041  |q DE-101  |2 23/BSB 
084 |a 320  |a 943  |q DE-101  |2 sdnb 
085 |8 1\u  |b 324.2430238 
085 |8 2\u  |b 909 
085 |8 2\u  |z 1  |s 0904 
085 |8 2\u  |z 2  |s 43 
085 |8 3\u  |b 900 
085 |8 3\u  |z 1  |s 09041 
085 |8 3\u  |z 1  |s 09042 
085 |8 3\u  |z 1  |s 09043 
085 |8 3\u  |z 2  |s 43 
100 1 |a Maciejewski, Marek  |d 1950-  |0 (DE-603)213737221  |0 (DE-588)138621446  |2 gnd 
245 0 0 |a Od piwiarnianego klubu do organizacji wywrotowej  |b nazizm w latach 1919 - 1924  |c Marek Maciejewski 
264 1 |a [Toruń]  |b Marszałek  |c 2005 
300 |a 434 S.  |b Ill., graph. Darst. 
504 |a Literaturverz. S. [389] - 417 
610 1 7 |a Nationalsozialistische Deutsche Arbeiterpartei  |2 gnd  |0 (DE-588)1012979-0  |0 (DE-603)041937937 
648 7 |a Geschichte 1919-1924  |2 gnd 
856 4 2 |m V:DE-603;B:DE-Mb50  |q application/pdf  |u http://scans.hebis.de/HEBCGI/show.pl?17669302_toc.pdf  |3 Inhaltsverzeichnis 
924 0 |9 Mb 50  |a (DE-603)377230898  |b DE-Mb50  |c HES  |d c  |g 06.1753 
924 0 |9 2080  |a (DE-603)794161421  |b DE-2080  |c HES  |d d  |g /